00801nam a22002057a 4500003000900000008004100009020001800050040007100068082001900139100002000158245013600178246003200314260003600346300006000382650002000442650001200462700003700474700004500511700003900556AR-CdUCM201015b ||||| |||| 00| 0 spa d a9786124269110 aMUNICIPALIDAD PROVINCIAL DEL CUSCOcBIBLIOTECA MUNICIPAL DEL CUSCO a818.5/O22bO22 aObama, Michelle aMi historia /cMichelle Obama ; traducción, Carlos Abreu Fetter, Efrén del Valle Peñamil, Gabriel Dols Gallardo ... [et al.]. aTítulo original: Becoming aLima ;bPlaza & Janés,c2018. a526 [16] páginas. :bilustraciones en color ;c23 cm. aObama, Michelle aDiarios aAbreu Fetter, Carlos (traductor) aValle Peñamil, Efrén del (traductor) aDols Gallardo, Gabriel (traductor)